000 00237nam a2200097Ia 4500
001 640564
005 20250826153450.0
008 250824s9999 xx 000 0 und d
245 0 _aHAYALET X
_cKJARTAN POSKITT
260 _bEĞLENCELİ BİLGİ
999 _c640564
_d640564